| 000 | 00927nam a22002057a 4500 | ||
|---|---|---|---|
| 999 |
_c57059 _d57059 |
||
| 005 | 20191104120229.0 | ||
| 008 | 191104s2012 ge ||||| |||| 00| 0 eng d | ||
| 020 | _a9789941434099 | ||
| 041 | _aeng | ||
| 080 | _a371.11(479.223) D-53 | ||
| 100 |
_aDiasamidze, A. (Asmat) _95235 |
||
| 245 |
_aStrategies of modern school management : _b(on the example of Adjarian Autonomous Rep. Public Schools) Specialty-Pedagogic theory and history : Herald / _cAsmat Diasamidze ; res. superv. Yuri Bibileishvili. |
||
| 300 |
_a 23 p. ; _b20 cm. |
||
| 500 | _aბიბლიოგრ. გვ. 23. | ||
| 653 | _aპედაგოგიკა | ||
| 653 | _aსკოლის მართვა საქართველოში | ||
| 700 |
_aBibileishvili, Yuri _eრედაქტორი _95236 |
||
| 710 |
_aBatumi Shota Rustaveli State Univ. _bFaculty of Educat. a. Sciences, Pedagogic Science depart. _95237 |
||
| 942 |
_2udc _cBK |
||